000 00654nam a22002057a 4500
003 OSt
005 20251205050852.0
008 251205b |||||||| |||| 00| 0 eng d
020 _a978-383-652-3936
040 _aDWC-Main lib.
_cOC
082 _aGR. 730.9 D813s 2006
100 _aDuby, Georges
245 _aSculpture :
_bfrom antiquity to the middle ages : from the eight century BC to the fifteenth century/
_cGeorges Duby
260 _aL.A :
_bTaschen,
_cc2006.
300 _a543 pages :
_billustrations ;
_c27cm.
650 _a1. Sculpture, Ancient.
650 _a2. Sculpture, Medieval.
650 _a3. Sculpture.
942 _2ddc
_cGR
_kGR.
_n0
999 _c6936
_d6936